|
|
|
|
| LEADER |
00000nab a2200000 a 4500 |
| 001 |
vtls000142530 |
| 003 |
SK-MaSNL |
| 005 |
20260305042514.0 |
| 008 |
111104c1982 xo 0 slo |
| 015 |
|
|
|a SNBRB19rr/mm-uuuuu
|
| 035 |
|
|
|a CL0152637
|
| 040 |
|
|
|a SNKBUCL
|b slo
|c SNKBUCL
|e AACR2
|
| 041 |
0 |
|
|a slo
|
| 044 |
|
|
|a xo
|c SK
|
| 080 |
|
|
|a 82.081
|2 1981
|
| 080 |
|
|
|a 82.035
|2 1981
|
| 100 |
1 |
|
|a Dvořáková-Žiaranová, Ružena,
|d 1930-2017
|4 aut
|9 223959
|
| 245 |
1 |
0 |
|a Zapadákov či zátulie
|c Ružena Dvořáková-Žiaranová
|
| 300 |
|
|
|b Nedeľa, príloha Nového slova, č. 24, s. 2.
|
| 500 |
|
|
|a V rubrike Z reči do reči.
|
| 650 |
0 |
7 |
|a literárny jazyk
|2 snkbucl
|9 1365
|
| 650 |
0 |
7 |
|a literárny preklad
|2 snkbucl
|9 28595
|
| 650 |
0 |
7 |
|a slovníky prekladové
|2 snkbucl
|9 969079
|
| 655 |
|
7 |
|a články z novín a časopisov
|2 snkbucl
|9 267496
|
| 655 |
|
7 |
|a články z odboru literárna veda a krásna literatúra
|2 snkbucl
|9 770045
|
| 773 |
0 |
|
|t Nové slovo
|g Roč. 24, č. 48 (1982)
|
| 850 |
|
|
|a Slovenská národná knižnica v Martine
|a MTA001
|
| 852 |
|
|
|a SNK
|b KIS3GCP
|
| 958 |
|
|
|a RK
|
| 958 |
|
|
|a LX
|
| 992 |
|
|
|a RBX
|
| 999 |
|
|
|c 3349554
|d 3351484
|